[Event "Wch U18 Girls"]
[Site "Montesilvano"]
[Date "2023.11.21"]
[Round "8"]
[White "Egger, Stefanie"]
[Black "Sukyte, Kotryna"]
[Result "0-1"]
[WhiteElo "1784"]
[BlackElo "1651"]
[PlyCount "134"]
[EventDate "2023.11.13"]
[EventType "swiss"]
[EventRounds "11"]
[EventCountry "ITA"]
[SourceTitle "CB48_2023"]
[SourceDate "2023.11.29"]
[SourceVersion "1"]
[SourceVersionDate "2023.11.29"]
[SourceQuality "1"]

1. d4 d5 2. c4 dxc4 3. Nc3 c6 4. a4 e5 5. e3 exd4 6. exd4 Be6 7. Nf3 Bb4 8. Be2 Nf6 9. 0-0 0-0 10. Bg5 Nbd7 11. Qc2 Qa5 12. Na2 Bd6 13. Bxc4 Bxc4 14. Qxc4 Nb6 15. Qc2 Nbd5 16. Rfe1 Rfe8 17. Bd2 Qc7 18. h3 h6 19. Rac1 Rad8 20. b4 a6 21. Qb1 Rxe1+ 22. Rxe1 Qb6 23. Kh1 Re8 24. Rxe8+ Nxe8 25. Qe1 Nec7 26. Kg1 Ne6 27. a5 Qb5 28. Nc3 Qc4 29. Nxd5 Qxd5 30. Bc3 Be7 31. Qe5 Qxe5 32. Nxe5 Nf4 33. Kf1 Nd5 34. Bd2 Nxb4 35. Ke2 Nd5 36. Kd3 f6 37. Nd7 Kf7 38. Nc5 Bxc5 39. dxc5 Ke6 40. Ke4 f5+ 41. Kd4 Nc7 42. f4 Nb5+ 43. Kc4 Kf6 44. g4 fxg4 45. hxg4 g6 46. Kd3 h5 47. gxh5 gxh5 48. Ke4 h4 49. Be1 h3 50. Bh4+ Ke6 51. f5+ Kf7 52. Bg3 Nc3+ 53. Kd3 Nd5 54. Ke4 Nf6+ 55. Kf3 Nd7 56. Kg4 Nxc5 57. Kxh3 Ne4 58. Be1 Kf6 59. Kg4 Ke5 60. Bh4 c5 61. Bg5 Nf2+ 62. Kg3 Kxf5 63. Kxf2 Kxg5 64. Ke3 Kf5 65. Kd3 Ke5 66. Kc3 Kd5 67. Kb3 Kd4 0-1

[Event "Wch U18 Girls"]
[Site "Montesilvano"]
[Date "2023.11.13"]
[Round "1"]
[White "Liu, Kelsey"]
[Black "Sukyte, Kotryna"]
[Result "1-0"]
[WhiteElo "2051"]
[BlackElo "1651"]
[PlyCount "47"]
[EventDate "2023.11.13"]
[EventType "swiss"]
[EventRounds "11"]
[EventCountry "ITA"]
[SourceTitle "CB48_2023"]
[SourceDate "2023.11.29"]
[SourceVersion "1"]
[SourceVersionDate "2023.11.29"]
[SourceQuality "1"]

1. e4 c5 2. Nf3 d6 3. Nc3 Nc6 4. d4 cxd4 5. Nxd4 Nf6 6. Bg5 e6 7. Qd3 Be7 8. 0-0-0 Ne5 9. Qh3 a6 10. f4 Ned7 11. Bc4 Nb6 12. Bb3 Qc7 13. Rhe1 Bd7 14. e5 dxe5 15. fxe5 Nfd5 16. Bxe7 Nxe7 17. Qg3 Ng6 18. Ne4 0-0 19. Ng5 Kh8 20. h4 Ba4 21. h5 Ne7 22. Qd3 g6 23. hxg6 Nxg6 24. Qh3 1-0

[Event "Taujenai-ch rapid"]
[Site "Taujenai"]
[Date "2023.10.29"]
[Round "7"]
[White "Perminaite, Guoda"]
[Black "Sukyte, Kotryna"]
[Result "1/2-1/2"]
[WhiteElo "1771"]
[BlackElo "1576"]
[PlyCount "98"]
[EventDate "2023.10.28"]
[EventType "swiss (rapid)"]
[EventRounds "10"]
[EventCountry "LTU"]
[SourceTitle "Mega2024 Update 01"]
[Source "Chessbase"]
[SourceDate "2023.11.12"]
[SourceVersion "1"]
[SourceVersionDate "2023.11.12"]
[SourceQuality "1"]

1. e4 c5 2. Nf3 a6 3. Nc3 b5 4. d4 cxd4 5. Nxd4 e6 6. Bd3 Bb7 7. 0-0 d6 8. a3 Be7 9. Be3 Nf6 10. Qe2 0-0 11. Rad1 Nbd7 12. f4 Qc7 13. g4 e5 14. Nf5 Nc5 15. Bc1 Nxd3 16. Rxd3 Rfd8 17. g5 Ne8 18. Rh3 f6 19. Qh5 Bf8 20. Qxh7+ Kf7 21. Nh6+ Ke7 22. Ng8+ Kd7 23. Qf5+ Kc6 24. gxf6 Nxf6 25. Nxf6 gxf6 26. Rh7 Qc8 27. Qxc8+ Raxc8 28. fxe5 dxe5 29. Rxf6+ Rd6 30. Rxd6+ Bxd6 31. Be3 Rg8+ 32. Kf2 Rf8+ 33. Ke2 a5 34. Nd5 Ba6 35. Kd2 Rg8 36. Kc3 Rg2 37. Rh6 Kd7 38. h4 Rg3 39. Rh7+ Kc6 40. h5 b4+ 41. axb4 axb4+ 42. Kb3 Bc5 43. Rh6+ Kb7 44. Rh7+ Kb8 45. Rh8+ Kb7 46. Rh7+ Kc6 47. Rh6+ Kb7 48. Rh7+ Kc6 49. Rh6+ Kb7 1/2-1/2

[Event "LTU-ch U16 Girls"]
[Site "Kaunas"]
[Date "2022.02.19"]
[Round "5"]
[White "Pamataityte, Ema"]
[Black "Sukyte, Kotryna"]
[Result "0-1"]
[WhiteElo "1007"]
[BlackElo "1500"]
[PlyCount "118"]
[EventDate "2022.02.16"]
[EventType "swiss"]
[EventRounds "6"]
[EventCountry "LTU"]
[SourceTitle "CBM 207 Extra"]
[Source "ChessBase"]
[SourceDate "2022.05.31"]
[SourceVersion "1"]
[SourceVersionDate "2022.05.31"]
[SourceQuality "1"]

1. e4 Nf6 2. e5 Nd5 3. d4 d6 4. Nf3 g6 5. Bc4 Nb6 6. Bb3 Bg7 7. Qe2 0-0 8. e6 f6 9. a4 a5 10. 0-0 d5 11. Nbd2 Nc6 12. Qe3 Qd6 13. Re1 Nd8 14. c4 Qxe6 15. cxd5 Qxe3 16. Rxe3 Re8 17. Rxe7 Rxe7 18. d6+ Re6 19. dxc7 Nf7 20. Bxe6 Bxe6 21. Ne4 Nd5 22. Nc5 Bc8 23. Ra3 b6 24. Nd3 Nxc7 25. Bf4 Nd5 26. Rb3 Bf5 27. Bd2 Bxd3 28. Rxd3 Nd6 29. Rb3 Nc4 30. Bc3 Nxc3 31. bxc3 Bh6 32. Kf1 Re8 33. h3 Nd2+ 34. Nxd2 Bxd2 35. f3 Re6 36. Kf2 Kf7 37. c4 Bb4 38. Rb1 Ke7 39. g4 Kd6 40. Rc1 Bd2 41. Rd1 Be3+ 42. Kg3 g5 43. c5+ bxc5 44. dxc5+ Kxc5 45. Rd7 h6 46. Rh7 Kb4 47. Rxh6 Kxa4 48. h4 Bf4+ 49. Kh3 gxh4 50. Rxh4 Kb3 51. Rh5 Re5 52. Rh7 a4 53. Rb7+ Ka3 54. Rf7 Re6 55. Kh4 Rb6 56. Rg7 Kb2 57. Re7 a3 58. Re2+ Kc3 59. Kh5 Rb2 0-1

[Event "LTU-ch U16 Girls"]
[Site "Kaunas"]
[Date "2022.02.17"]
[Round "3"]
[White "Griksaite, Egle"]
[Black "Sukyte, Kotryna"]
[Result "0-1"]
[WhiteElo "1495"]
[BlackElo "1500"]
[PlyCount "96"]
[EventDate "2022.02.16"]
[EventType "swiss"]
[EventRounds "6"]
[EventCountry "LTU"]
[SourceTitle "CBM 207 Extra"]
[Source "ChessBase"]
[SourceDate "2022.05.31"]
[SourceVersion "1"]
[SourceVersionDate "2022.05.31"]
[SourceQuality "1"]

1. e4 c5 2. Nc3 e6 3. f4 d5 4. e5 Nc6 5. Bb5 f6 6. Bxc6+ bxc6 7. Nf3 Ba6 8. d3 Qc7 9. 0-0 fxe5 10. Nxe5 Nf6 11. Ng4 Bd6 12. Qe2 Kf7 13. Nxf6 gxf6 14. Qh5+ Ke7 15. f5 e5 16. Rf3 Rag8 17. Qh4 h5 18. Rg3 Qd8 19. Bd2 Rxg3 20. Qxg3 Qg8 21. Qf2 Qb8 22. b3 h4 23. Re1 Kf7 24. Na4 e4 25. h3 Bh2+ 26. Kh1 Bg3 27. Qxc5 Bxe1 28. Qxc6 Qb7 29. Qe6+ Kg7 30. Nc5 Qf7 31. Qxa6 Bxd2 32. Ne6+ Kh6 33. dxe4 dxe4 34. Qc4 Bg5 35. Qxe4 Qd7 36. c4 Re8 37. c5 Qd1+ 38. Kh2 Qc1 39. Qb4 Rxe6 40. fxe6 Bf4+ 41. g3 hxg3+ 42. Kg2 Qc2+ 43. Kf3 Qf2+ 44. Ke4 g2 45. c6 g1Q 46. Qf8+ Qg7 47. e7 Qe3+ 48. Kf5 Qe5# 0-1

[Event "LTU-ch U16 Girls"]
[Site "Kaunas"]
[Date "2022.02.17"]
[Round "2"]
[White "Sukyte, Kotryna"]
[Black "Morkunaite, Adrijana"]
[Result "1-0"]
[WhiteElo "1500"]
[BlackElo "1243"]
[PlyCount "101"]
[EventDate "2022.02.16"]
[EventType "swiss"]
[EventRounds "6"]
[EventCountry "LTU"]
[SourceTitle "CBM 207 Extra"]
[Source "ChessBase"]
[SourceDate "2022.05.31"]
[SourceVersion "1"]
[SourceVersionDate "2022.05.31"]
[SourceQuality "1"]

1. e4 e5 2. Nf3 Nc6 3. Bb5 g6 4. 0-0 Bg7 5. c3 a6 6. Bxc6 dxc6 7. h3 Nf6 8. Nxe5 Nxe4 9. Re1 Qd5 10. Qf3 Bf5 11. d4 0-0 12. g4 Bxe5 13. dxe5 Qxe5 14. gxf5 Ng5 15. Bxg5 Qxe1+ 16. Kg2 Rfe8 17. Bd2 Qe4 18. Qxe4 Rxe4 19. fxg6 hxg6 20. Be3 Rd8 21. Kf3 f5 22. Nd2 Re5 23. Rg1 Kf7 24. Bf4 Rb5 25. Nc4 Rd3+ 26. Ke2 Rxh3 27. a4 Rb3 28. Kd2 b5 29. Ne5+ Ke8 30. Kc2 bxa4 31. Rxg6 Rh4 32. Rg8+ Ke7 33. Bg5+ Kd6 34. Nf7+ Ke6 35. Nd8+ Kd7 36. Bxh4 Rb5 37. Rg7+ Kd6 38. Rg6+ Ke5 39. Nxc6+ Ke4 40. Nd4 Rd5 41. Bg3 Rd7 42. Rxa6 f4 43. Re6+ Kd5 44. Bxf4 c5 45. Re5+ Kc4 46. Ne6 Rd5 47. Re4+ Kb5 48. Nc7+ Kc6 49. Nxd5 Kxd5 50. Re5+ Kc6 51. Be3 1-0

[Event "LTU-ch (Women)"]
[Site "Vilnius"]
[Date "2021.10.24"]
[Round "4"]
[White "Sukyte, Kotryna"]
[Black "Rauckyte, Kamile"]
[Result "1-0"]
[WhiteElo "1422"]
[BlackElo "1398"]
[PlyCount "49"]
[EventDate "2021.10.22"]
[EventType "swiss"]
[EventRounds "7"]
[EventCountry "LTU"]
[SourceTitle "CBM 204 Extra"]
[Source "ChessBase"]
[SourceDate "2021.11.30"]
[SourceVersion "1"]
[SourceVersionDate "2021.11.30"]
[SourceQuality "1"]

1. e4 e5 2. Nf3 Nc6 3. Bb5 a6 4. Bxc6 dxc6 5. Nc3 Qd6 6. d4 exd4 7. Qxd4 Bg4 8. Qe5+ Qe7 9. Qg3 Bh5 10. Bf4 0-0-0 11. Qh3+ Kb8 12. Qxh5 f6 13. Nh4 g6 14. Nxg6 Qe8 15. Qa5 Bd6 16. Bxd6 Rxd6 17. Nxh8 Ne7 18. 0-0 Qxh8 19. Rad1 Ng6 20. Rxd6 cxd6 21. Rd1 Ne5 22. Rxd6 Kc8 23. Qc5 Kb8 24. Na4 Qg8 25. Qb6 1-0

[Event "LTU-ch (Women)"]
[Site "Vilnius"]
[Date "2020.11.22"]
[Round "4"]
[White "Sitkauskaite, Leva"]
[Black "Sukyte, Kotryna"]
[Result "1-0"]
[WhiteElo "1367"]
[BlackElo "1405"]
[PlyCount "115"]
[EventDate "2020.11.20"]
[EventType "swiss"]
[EventRounds "6"]
[EventCountry "LTU"]
[SourceTitle "CBM 199 Extra"]
[Source "ChessBase"]
[SourceDate "2021.01.31"]
[SourceVersion "1"]
[SourceVersionDate "2021.01.31"]
[SourceQuality "1"]

1. e4 Nf6 2. e5 Nd5 3. c4 Nb6 4. d4 d6 5. exd6 cxd6 6. b3 g6 7. Bb2 Bg7 8. Nf3 0-0 9. Be2 Nc6 10. 0-0 Bf5 11. Nc3 e5 12. d5 Ne7 13. Nh4 Bd7 14. Ne4 Nf5 15. Nf3 Bc8 16. Rc1 Nd7 17. a4 Nf6 18. Nfd2 Nxe4 19. Nxe4 Qb6 20. Ba3 Nd4 21. Bxd6 Rd8 22. b4 a5 23. Bc5 Qc7 24. Bxd4 exd4 25. b5 Bf5 26. Nd2 Bh6 27. g3 Qc5 28. Nb3 Qb4 29. Ra1 Bg7 30. Ra2 d3 31. Bxd3 Bxd3 32. Qxd3 b6 33. Nd4 Bxd4 34. Qxd4 Rab8 35. Rc1 Rd6 36. Qc3 Qc5 37. Qa3 Rc8 38. Qxc5 Rxc5 39. Rac2 Kg7 40. f4 Kf6 41. Kf2 Rd8 42. Kf3 Ke7 43. Ke4 Kd6 44. Kd4 Re8 45. Rf1 Rec8 46. Kd3 Re8 47. Rcc1 Rc7 48. Rfe1 Rce7 49. Rxe7 Rxe7 50. Rc2 Kc5 51. Re2 Rc7 52. Kc3 h5 53. Re8 Kd6 54. Rd8+ Kc5 55. Rb8 f5 56. Re8 Kd6 57. Re6+ Kd7 58. Rxb6 1-0

[Event "LTU-ch Amateurs"]
[Site "Kaunas"]
[Date "2020.08.29"]
[Round "4"]
[White "Sukyte, Kotryna"]
[Black "Valantiejus, Vaidotas"]
[Result "0-1"]
[WhiteElo "1378"]
[BlackElo "2099"]
[PlyCount "92"]
[EventDate "2020.08.27"]
[EventType "swiss"]
[EventRounds "7"]
[EventCountry "LTU"]
[SourceTitle "EXT 2022"]
[Source "ChessBase"]
[SourceDate "2021.10.06"]
[SourceVersion "1"]
[SourceVersionDate "2021.10.06"]
[SourceQuality "1"]

1. e4 c5 2. Nc3 Nc6 3. g3 g6 4. Bg2 Bg7 5. d3 d6 6. Be3 Rb8 7. Nge2 Nd4 8. h3 b5 9. Qd2 b4 10. Nd1 e6 11. 0-0 Ne7 12. c3 bxc3 13. bxc3 Nxe2+ 14. Qxe2 0-0 15. Qd2 Ba6 16. f4 f5 17. Nf2 Qa5 18. Rfc1 Qa3 19. d4 Rb2 20. Rc2 Rfb8 21. Rac1 c4 22. Rxb2 Rxb2 23. Rc2 Rb1+ 24. Kh2 Bb5 25. Rc1 Rxc1 26. Qxc1 Qxa2 27. exf5 gxf5 28. Qd2 Qxd2 29. Bxd2 Bc6 30. Bf1 d5 31. Bc1 Nc8 32. Bb2 Bf8 33. g4 Ba4 34. g5 Nb6 35. Nh1 Bc2 36. Ng3 Bd6 37. Nh5 a5 38. Kg3 a4 39. Nf6+ Kh8 40. h4 a3 41. Ba1 a2 42. Be2 Na4 43. Bh5 Ba3 44. Be8 Bb2 45. h5 Bxa1 46. g6 Bxc3 0-1

[Event "LTU-chT (Women)"]
[Site "Vilnius"]
[Date "2019.03.30"]
[Round "1.3"]
[White "Sukyte, Kotryna"]
[Black "Idzeliene, Asta"]
[Result "0-1"]
[WhiteElo "1354"]
[BlackElo "1639"]
[PlyCount "132"]
[EventDate "2019.03.30"]
[EventType "team-tourn"]
[EventRounds "3"]
[EventCountry "LTU"]
[SourceTitle "EXT 2020"]
[Source "ChessBase"]
[SourceDate "2019.10.17"]
[SourceVersion "1"]
[SourceVersionDate "2019.10.17"]
[SourceQuality "1"]

1. e4 c6 2. Nf3 d6 3. d4 Bg4 4. h3 Bh5 5. Bf4 Nd7 6. Be2 Ngf6 7. Nc3 h6 8. e5 dxe5 9. dxe5 Nh7 10. g4 g5 11. Bg3 Bg6 12. Qd2 e6 13. 0-0-0 Bb4 14. a3 Ba5 15. h4 Rg8 16. b4 Bc7 17. h5 Bxc2 18. Qxc2 Rg7 19. Ne4 a5 20. Nc5 Nhf8 21. Nxd7 Nxd7 22. b5 Qe7 23. Qb2 Kf8 24. Nd4 Bxe5 25. Bxe5 Nxe5 26. bxc6 bxc6 27. Qc3 f6 28. Nc2 c5 29. Qd2 Qb7 30. Qd6+ Re7 31. Qxc5 Rc8 32. Qxa5 Rec7 33. Qa4 Rxc2+ 34. Qxc2 Rxc2+ 35. Kxc2 Qe4+ 36. Kd2 Qd5+ 37. Kc3 Qc5+ 38. Kb3 Qxf2 39. Rhe1 Qb6+ 40. Ka2 Qf2 41. Kb3 Qe3+ 42. Kb2 Ke7 43. a4 Qb6+ 44. Ka3 Qc5+ 45. Kb3 Nc6 46. Rc1 Qb4+ 47. Kc2 Qxa4+ 48. Kd2 Qb4+ 49. Ke3 Qf4+ 50. Kd3 Qd4+ 51. Kc2 Ne5 52. Red1 Qe4+ 53. Kb3 Qe3+ 54. Kb4 Qb6+ 55. Ka3 Qa5+ 56. Kb3 Qb6+ 57. Ka3 Qe3+ 58. Ka4 Qa7+ 59. Kb4 Qb6+ 60. Ka3 Nc6 61. Bf1 Qb4+ 62. Ka2 Nd4 63. Bg2 Qb3+ 64. Ka1 Nc2+ 65. Rxc2 Qxc2 66. Rg1 Qf2 0-1

[Event "LTU-ch (Women)"]
[Site "Vilnius"]
[Date "2019.03.17"]
[Round "3"]
[White "Ditmonaite, Viktorija"]
[Black "Sukyte, Kotryna"]
[Result "1-0"]
[WhiteElo "1871"]
[BlackElo "1354"]
[PlyCount "109"]
[EventDate "2019.03.15"]
[EventType "swiss"]
[EventRounds "7"]
[EventCountry "LTU"]
[SourceTitle "CBM 189 Extra"]
[Source "ChessBase"]
[SourceDate "2019.06.03"]
[SourceVersion "1"]
[SourceVersionDate "2019.06.03"]
[SourceQuality "1"]

1. d4 Nf6 2. c4 g6 3. Nc3 Bg7 4. Nf3 d6 5. e3 0-0 6. Be2 Nbd7 7. 0-0 e5 8. dxe5 Nxe5 9. Qb3 Ned7 10. Qc2 Nc5 11. Nd4 Ne6 12. h3 Nxd4 13. exd4 c6 14. Bg5 Qc7 15. d5 Bf5 16. Bd3 Bxd3 17. Qxd3 h6 18. Bf4 g5 19. Bh2 cxd5 20. Nxd5 Nxd5 21. Qxd5 Be5 22. f4 gxf4 23. Bxf4 Bxf4 24. Rxf4 Qc5+ 25. Rd4 Qxd5 26. Rxd5 Rfd8 27. Rad1 Rac8 28. c5 Kf8 29. cxd6 Rc2 30. Rb5 b6 31. a4 Rc6 32. Rbd5 Ke8 33. b4 a6 34. Kf2 f6 35. Kf3 Kf7 36. Kf4 Rc4+ 37. R1d4 Rxd4+ 38. Rxd4 Ke6 39. g4 Rd7 40. Ke4 Rd8 41. d7 Rxd7 42. Rxd7 Kxd7 43. Kf5 Ke7 44. Kg6 Ke6 45. Kxh6 Kf7 46. h4 Kf8 47. Kg6 Ke7 48. h5 Kd6 49. h6 Kd5 50. h7 Kc4 51. h8Q Kxb4 52. Qxf6 Ka5 53. Qd4 b5 54. axb5 axb5 55. Kf6 1-0

[Event "LTU-ch (Women)"]
[Site "Vilnius"]
[Date "2019.03.16"]
[Round "2"]
[White "Sitkauskaite, Leva"]
[Black "Sukyte, Kotryna"]
[Result "0-1"]
[WhiteElo "1289"]
[BlackElo "1354"]
[PlyCount "138"]
[EventDate "2019.03.15"]
[EventType "swiss"]
[EventRounds "7"]
[EventCountry "LTU"]
[SourceTitle "CBM 189 Extra"]
[Source "ChessBase"]
[SourceDate "2019.06.03"]
[SourceVersion "1"]
[SourceVersionDate "2019.06.03"]
[SourceQuality "1"]

1. Nf3 Nf6 2. c4 g6 3. Nc3 Bg7 4. e4 0-0 5. d4 d6 6. Be2 Nbd7 7. 0-0 e5 8. dxe5 Nxe5 9. Nxe5 dxe5 10. Qxd8 Rxd8 11. Bg5 c6 12. f3 h6 13. Be3 Be6 14. Rfd1 Bf8 15. c5 Rxd1+ 16. Rxd1 Nd7 17. b4 b6 18. Na4 bxc5 19. bxc5 Rb8 20. Rd2 Rb4 21. Bd1 Rc4 22. Bb3 Rc1+ 23. Kf2 Bxb3 24. axb3 Nxc5 25. Rd8 Rc2+ 26. Kg3 Kg7 27. Bxh6+ Kxh6 28. Rxf8 Kg7 29. Ra8 Nxb3 30. Rxa7 Ra2 31. Ra6 Kh6 32. Rb6 Rxa4 33. Rxb3 Ra7 34. Rc3 Rc7 35. Rc5 f6 36. Kg4 Kg7 37. h4 Kf7 38. h5 gxh5+ 39. Kxh5 Rc8 40. Kg4 Ke6 41. f4 Kd6 42. Rc2 c5 43. f5 c4 44. Kf3 Kc5 45. Ke3 Kb4 46. Kd2 c3+ 47. Kc1 Kc4 48. Rf2 Kd3 49. Rf3+ Kxe4 50. Kc2 Rg8 51. Kxc3 Rxg2 52. Rf1 Rg3+ 53. Kd2 Rf3 54. Re1+ Kxf5 55. Ke2 e4 56. Ra1 Kf4 57. Ra4 f5 58. Ra8 Rh3 59. Ra4 Rh2+ 60. Kf1 Kf3 61. Ra3+ e3 62. Kg1 Rb2 63. Ra1 f4 64. Rf1+ Rf2 65. Ra1 Rg2+ 66. Kh1 Kf2 67. Ra2+ e2 68. Rxe2+ Kxe2 69. Kxg2 f3+ 0-1